U.S. Cities Not on the Interstate Highway System - Statistics

General Stats
  • This quiz has been taken 61 times
  • The average score is 10 of 45
Answer Stats
2018 pop. State City % Correct
530,093 California Fresno
87%
291,538 Alaska Anchorage
81%
508,958 Arizona Mesa
74%
255,310 Arizona Scottsdale
47%
250,702 Arizona Glendale
40%
288,061 Texas Plano
40%
107,353 Colorado Boulder
30%
248,279 Arizona Gilbert
30%
215,030 California Modesto
30%
153,219 Texas Pasadena
28%
116,218 Texas College Station
26%
188,170 Texas Frisco
23%
209,877 California Oxnard
23%
100,215 Texas San Angelo
23%
125,964 Georgia Athens
21%
191,645 Texas McKinney
21%
172,259 Arizona Peoria
21%
156,259 California Salinas
19%
177,586 California Santa Rosa
19%
132,964 Michigan Sterling Heights
19%
105,729 Texas Tyler
19%
133,800 California Visalia
19%
109,171 Oklahoma Broken Arrow
17%
118,977 Massachusetts Cambridge
17%
159,053 California Lancaster
17%
156,667 California Palmdale
15%
116,046 Utah West Jordan
15%
107,348 Colorado Greeley
13%
105,025 California San Mateo
13%
107,408 California Santa Maria
13%
127,690 California Thousand Oaks
13%
111,128 California Ventura
13%
122,607 North Carolina Wilmington
13%
103,383 Texas Allen
11%
189,343 Florida Cape Coral
11%
116,478 Florida Clearwater
11%
108,389 Oregon Hillsboro
11%
104,157 New Jersey Lakewood
11%
125,851 California Simi Valley
11%
122,149 Texas Pearland
9%
111,535 California Antioch
6%
112,022 California Clovis
6%
133,507 Florida Coral Springs
6%
101,224 California Vista
4%
120,981 Texas Richardson
2%
No matching quizzes found
Score Distribution
Percent of People with Each Score
Percentile by Number Answered
Your Score History
You have not taken this quiz